[Event "GER-chT U20"]
[Site "Osnabrueck"]
[Date "2010.12.29"]
[Round "6.5"]
[White "Nieke, Gottfried"]
[Black "Rickmann, David"]
[Result "0-1"]
[WhiteElo "1430"]
[BlackElo "1724"]
[PlyCount "82"]
[EventDate "2010.12.27"]
[EventType "team-swiss"]
[EventRounds "7"]
[EventCountry "GER"]
[SourceTitle "CBM 140 Extra"]
[Source "ChessBase"]
[SourceDate "2011.03.01"]
[SourceVersion "1"]
[SourceVersionDate "2011.03.01"]
[SourceQuality "1"]
[WhiteTeam "Dresden USV"]
[BlackTeam "Magdeburg Aufbau Elbe"]
[WhiteTeamCountry "GER"]
[BlackTeamCountry "GER"]

1. e4 d5 2. exd5 Qxd5 3. Nc3 Qd6 4. Nf3 Nf6 5. Bc4 a6 6. 0-0 Bg4 7. a4 Nc6 8. Re1 e6 9. h3 Bh5 10. Ne4 Nxe4 11. Rxe4 0-0-0 12. c3 h6 13. Rh4 Bg6 14. Nd4 Be7 15. Rg4 Bh5 16. Nxc6 Qxc6 17. Be2 Bxg4 18. Bxg4 a5 19. d4 f5 20. Bf3 Qb6 21. Qe2 Bg5 22. Rb1 g6 23. Ra1 Rde8 24. Kf1 Bxc1 25. Rxc1 Re7 26. Qe5 Rhe8 27. Qe2 e5 28. dxe5 Rxe5 29. Qc2 Qe6 30. Qd2 Qc4+ 31. Kg1 Qxa4 32. Bd1 Re1+ 33. Kh2 Qh4 34. g3 Qe7 35. Kg2 g5 36. Qc2 Qe4+ 37. Qxe4 R8xe4 38. Rb1 R4e2 39. Bc2 Rxb1 40. Bxb1 Rxb2 41. Bxf5+ Kd8 0-1

[Event "GER-chT U20"]
[Site "Osnabrueck"]
[Date "2010.12.28"]
[Round "3.5"]
[White "Nieke, Gottfried"]
[Black "Walter, Tim Lucas"]
[Result "1/2-1/2"]
[WhiteElo "1430"]
[BlackElo "1526"]
[PlyCount "39"]
[EventDate "2010.12.27"]
[EventType "team-swiss"]
[EventRounds "7"]
[EventCountry "GER"]
[SourceTitle "CBM 140 Extra"]
[Source "ChessBase"]
[SourceDate "2011.03.01"]
[SourceVersion "1"]
[SourceVersionDate "2011.03.01"]
[SourceQuality "1"]
[WhiteTeam "Dresden USV"]
[BlackTeam "Neumuehl"]
[WhiteTeamCountry "GER"]
[BlackTeamCountry "GER"]

1. e4 Nf6 2. Nc3 d6 3. Nf3 g6 4. d4 Bg7 5. Bc4 0-0 6. 0-0 Nbd7 7. Bg5 h6 8. Be3 e5 9. dxe5 Nxe5 10. Nxe5 dxe5 11. f3 Qe7 12. Qe2 Be6 13. Rfd1 Rfd8 14. a3 c6 15. Bxe6 Rxd1+ 16. Rxd1 Qxe6 17. Qd2 Kh7 18. Qd6 Qxd6 19. Rxd6 Bf8 20. Rd1 1/2-1/2